000 00310nam a2200109Ia 4500
008 200302s9999 xx 000 0 und d
100 _aChristina M. Scalise
245 _aInterior Planning and Design Project Programs Plans and Charettes
260 _bThomson Learning, Inc.,
260 _c2004
300 _a338 P.,
999 _c3104
_d3104